[Event "Cup Clare Benedict"]
[Site "masterchessopen.com – Neuchatel (Switzerland)"]
[Round "2"]
[White "Dueckstein Andreas (AUT)"]
[Black "Perez Andres (MEX)"]
[Result "1-0"]
[WhiteElo "2221"]
[BlackElo "2245"]

1.e4 c5 2.Nf3 Nc6 3.d4 cxd4 4.Nxd4 Nf6 5.Nc3 d6 6.Bg5 e6 7.Qd2 a6 8.O-O-O Bd7
9.f4 Be7 10.Nf3 b5 11.Bxf6 gxf6 12.f5 Qa5 13.Kb1 Rc8 14.Bd3 Nb4 15.Nd4 O-O
16.Nb3 Qb6 17.Qh6 exf5 18.Rhe1 Rfe8 19.Re3 f4 20.Qxf4 Kh8 21.Nd5 Nxd5 22.exd5
Bf8 23.Qxf6+ Bg7 24.Rxe8+ Rxe8 {#r} 1-0

[Event "It"]
[Site "masterchessopen.com – Bad Salzungen (Germany)"]
[Round "10"]
[White "Lutikov Anatoly S (RUS)"]
[Black "Malich Burkhard Dr (GER)"]
[Result "1-0"]
[WhiteElo "2515"]
[BlackElo "2347"]

1.e4 c5 2.Nf3 Nc6 3.d4 cxd4 4.Nxd4 Nf6 5.Nc3 d6 6.Bg5 e6 7.Qd2 a6 8.O-O-O Bd7
9.f4 Be7 10.Nf3 b5 11.Bxf6 gxf6 12.Qe3 Qa5 13.Nd2 Qc7 14.Nb3 h5 15.Bd3 Qa7
16.Qf3 O-O-O 17.Rhe1 Bf8 18.Kb1 Qb6 19.Rc1 Kb8 20.Nd1 Rc8 21.Ne3 a5 22.c3 Rc7
23.Red1 Be7 24.Qe2 Rb7 25.Nc2 Bd8 26.Na3 Na7 27.Qd2 a4 28.Nd4 Qc5 29.Nac2 Ba5
30.b4 axb3 31.Nxb3 Qc7 32.Nb4 Ka8 33.Be2 Nc8 34.Qd4 Rh6 35.Bf3 Ra7 36.c4 bxc4
37.Rxc4 Qb6 38.Qc3 Kb8 39.Ka1 Ne7 40.Rb1 Bb5 41.Nxa5 Rxa5 42.Nc6+ Nxc6 43.Rxc6
{#r} 1-0

[Event "Olympiad (students) (team)"]
[Site "masterchessopen.com – Leningrad (Russia)"]
[Round "4"]
[White "Zuidema Coen (NED)"]
[Black "Mednis Edmar J (USA)"]
[Result "0-1"]
[WhiteElo "2450"]
[BlackElo "2381"]

1.e4 c5 2.Nf3 Nc6 3.d4 cxd4 4.Nxd4 Nf6 5.Nc3 d6 6.Bg5 e6 7.Qd2 a6 8.O-O-O Bd7
9.f4 Be7 10.Nf3 b5 11.Bxf6 gxf6 12.f5 Qb6 13.Ne2 Qf2 14.Ned4 Qxd2+ 15.Rxd2 Bf8
16.Kb1 Ne5 17.Nxe5 dxe5 18.fxe6 fxe6 19.Nf3 Bc6 20.Bd3 Rg8 21.Re2 Ra7 22.Rf1
Rag7 23.Nh4 Be7 24.g3 Bd8 25.a3 Rd7 26.Nf3 Ke7 27.Rd1 Rg4 28.Kc1 Bb6 29.c3
Rxd3 30.Rxd3 Bxe4 31.Rxe4 Rxe4 32.Kd1 Rg4 33.Rd2 h5 34.Re2 e4 35.Nh4 f5 36.Ng2
Bg1 37.Ne3 Bxe3 38.Rxe3 h4 39.b3 hxg3 40.hxg3 Kd6 41.Kd2 Kd5 {#R} 0-1

[Event "Memorial Asztalos"]
[Site "masterchessopen.com – Gyula (Hungary)"]
[Date "1965.08.21"]
[Round "11"]
[White "Haag Ervin (HUN)"]
[Black "Paoli Enrico (ITA)"]
[Result "1-0"]
[WhiteElo "2284"]
[BlackElo "2300"]

1.e4 c5 2.Nf3 Nc6 3.d4 cxd4 4.Nxd4 Nf6 5.Nc3 d6 6.Bg5 e6 7.Qd2 Be7 8.O-O-O a6
9.f4 Bd7 10.Nf3 b5 11.Bxf6 gxf6 12.g3 Qa5 13.Kb1 Rc8 14.Bh3 b4 15.Ne2 Rc7
16.g4 O-O 17.g5 fxg5 18.Rhg1 Kh8 19.Nxg5 Qc5 20.Rg3 Na5 21.Rdg1 Bxg5 22.Rxg5
Nc4 23.Qd3 Qe3 24.Rd1 Bb5 25.Rg3 Qxd3 26.cxd3 Ba4 27.Rdg1 Nd2+ 28.Ka1 Rfc8
29.f5 Bd7 30.b3 Rc2 31.Nd4 Rc1+ 32.Rxc1 Rxc1+ 33.Kb2 Rh1 34.fxe6 fxe6 35.Bxe6
Bxe6 36.Nxe6 Rxh2 37.Kc1 Rh6 38.Ng5 Nxb3+ 39.axb3 Rh1+ 40.Kd2 Rh2+ 41.Ke3 h6
42.Nf7+ Kh7 43.Nxd6 Rb2 44.Ne8 h5 45.e5 Rxb3 46.e6 Rb1 47.Nf6+ Kh6 48.e7 h4
49.Rg2 h3 50.Re2 {#r} 1-0

[Event "Match"]
[Site "masterchessopen.com – Copenhagen (Denmark)"]
[Round "0"]
[White "Geller Efim P (RUS)"]
[Black "Larsen Bent (DEN)"]
[Result "1-0"]
[WhiteElo "2455"]
[BlackElo "2415"]

1.e4 c5 2.Nf3 Nc6 3.d4 cxd4 4.Nxd4 Nf6 5.Nc3 d6 6.Bg5 e6 7.Qd2 a6 8.O-O-O Bd7
9.f4 Be7 10.Nf3 b5 11.Bxf6 gxf6 12.Bd3 Qa5 13.Kb1 b4 14.Ne2 Rg8 ( 14...Qc5 {
!? } 15.Ng3 a5 16.f5 { ? } ) 15.Ng3 Qc5 16.Rhe1 Ra7 17.e5 { ! } 17...dxe5
18.fxe5 Nxe5 19.Nxe5 fxe5 20.Qh6 f5 21.Qxh7 Rf8 22.b3 { ! } 22...e4 ( 22...Qc3
23.Nh5 e4 24.Bxe4 ( 24.Bc4 Bf6 25.Nxf6+ Qxf6 ) 24...fxe4 25.Ng7+ Kd8 26.Nxe6+
Ke8 27.Qg6+ Rf7 28.Qg8+ ) 23.Bc4 Qe5 24.Qh5+ Kd8 25.Rxe4 Qc3 26.Ne2 Qh8
27.Qxh8 Rxh8 28.Rxe6 Rxh2 29.Rg6 ( 29.Rxa6 { !? } 29...Rxa6 30.Bxa6 Kc7 31.Nf4
Bc6 ) 29...Rh4 30.Nd4 Kc7 31.Rg7 Bf6 32.Ne6+ Kb6 33.Rg6 Bc3 ( { ? } 33...Bh8
34.g3 Rh2 35.Nc5+ ) 34.Nc5+ Bc6 35.Na4+ Kc7 36.Nxc3 bxc3 37.Rg3 Kb6 38.Rxc3
Bxg2 39.Rd6+ Kc5 40.Rd2 Kb4 41.Kb2 Be4 42.a3+ Ka5 43.Rd6 {#r} 1-0

[Event "Olympiad"]
[Site "masterchessopen.com – Habana (Cuba)"]
[Round "0"]
[White "Tal Mikhail N (LAT)"]
[Black "Byrne Robert E (USA)"]
[Result "1-0"]
[WhiteElo "2520"]
[BlackElo "2434"]

1.e4 c5 2.Nf3 Nc6 3.d4 cxd4 4.Nxd4 Nf6 5.Nc3 d6 6.Bg5 e6 7.Qd2 a6 8.O-O-O Bd7
9.f4 Be7 10.Nf3 b5 11.Bxf6 gxf6 12.f5 Qa5 13.Kb1 O-O-O 14.g3 Kb8 15.Bh3 Bc8
16.Rhe1 h5 17.Qe3 Bd7 18.Ne2 Ne5 19.Nf4 Ng4 20.Qe2 Rdg8 21.Nd4 Qb6 22.Rd2 e5
23.Nd5 Qd8 24.Nb3 Bc6 25.c4 Qd7 26.Na5 Bd8 27.Nxc6+ Qxc6 28.Rc1 Kb7 29.cxb5
Qxb5 30.Rd3 Ka7 31.Bxg4 hxg4 32.Qe3+ Ka8 33.Rb3 Qd7 34.Qd3 Ka7 35.Qe3+ Ka8
36.Rb6 {#r} 1-0

[Event "?"]
[Site "masterchessopen.com – URS"]
[Round "0"]
[White "Bykhovsky Anatoly A (RUS)"]
[Black "Averbakh Yuri L (RUS)"]
[Result "1-0"]
[WhiteElo "2354"]
[BlackElo "2445"]

1.e4 c5 2.Nf3 d6 3.d4 cxd4 4.Nxd4 Nf6 5.Nc3 Nc6 6.Bg5 a6 7.Qd2 Bd7 8.O-O-O e6
9.f4 Be7 10.Nf3 b5 11.Bxf6 gxf6 12.f5 Qa5 13.Kb1 O-O-O 14.g3 Kb8 15.Bh3 Rc8
16.fxe6 Bxe6 17.Bf5 Rc7 18.Nd5 Qxd2 19.Rxd2 Bxd5 20.exd5 Ne5 21.Nd4 h6 22.Re1
Kb7 23.Re4 Re8 24.a4 bxa4 25.Nc6 Nxc6 26.dxc6+ Kxc6 27.Rxa4 Kb6 28.Re4 Rb8
29.Rde2 Rbb7 30.Rh4 Rc5 31.Bd3 Re5 32.Rxh6 Rb8 33.Rh7 Rf8 34.Bc4 a5 35.Rd2 Kc5
36.Bxf7 f5 37.Rf2 Bg5 38.Rf3 Be3 39.c3 d5 40.Kc2 d4 41.c4 f4 42.Bd5 Rxd5
43.cxd5 Kxd5 44.Kd3 Rb8 45.Rh5+ Ke6 {#r} 1-0

[Event "Ch World (juniors)"]
[Site "masterchessopen.com – Stockholm (Sweden)"]
[Round "4"]
[White "Rogoff Kenneth S (USA)"]
[Black "Kristiansen Jens (DEN)"]
[Result "1-0"]
[WhiteElo "2505"]
[BlackElo "2439"]

1.e4 c5 2.Nf3 Nc6 3.Nc3 d6 4.d4 cxd4 5.Nxd4 Nf6 6.Bg5 e6 7.Qd2 a6 8.O-O-O Bd7
9.f4 Be7 10.Nf3 b5 11.Bxf6 Bxf6 12.Qxd6 Be7 13.Qd2 Ra7 14.Qe3 Rb7 15.Kb1 O-O
16.e5 Qa5 17.Bd3 Rc7 18.Nd2 Rb8 19.Nb3 Qb6 20.Qxb6 Rxb6 21.Be4 g5 22.g3 Nd8
23.Rd2 Nb7 24.Rhd1 Bc8 25.Ne2 h6 26.Bf3 Kg7 27.Nec1 Rc4 28.Bxb7 Bxb7 29.Na5
Bb4 30.Nxc4 bxc4 31.Rd6 Bc6 32.Ne2 c3 33.b3 Bxd6 34.Rxd6 gxf4 35.gxf4 {#r} 1-0

[Event "Ch Netherlands"]
[Site "masterchessopen.com – Leeuwarden (Netherlands)"]
[Round "5"]
[White "Krabbe Tim (NED)"]
[Black "Ree Hans (NED)"]
[Result "0-1"]
[WhiteElo "2274"]
[BlackElo "2430"]

1.e4 c5 2.Nf3 Nc6 3.d4 cxd4 4.Nxd4 Nf6 5.Nc3 d6 6.Bg5 e6 7.Qd2 a6 8.O-O-O Bd7
9.f4 Be7 10.Nf3 b5 11.Bxf6 gxf6 12.f5 Qb6 13.g3 b4 14.Ne2 Qf2 15.fxe6 fxe6
16.Nfd4 Nxd4 17.Qxd4 Qxd4 18.Nxd4 Bf8 19.Bc4 Ke7 20.Rd3 Bh6+ 21.Kb1 Rhc8 22.b3
Rcb8 23.Rhd1 Rb6 24.a4 bxa3 25.Ka2 Bg7 26.Kxa3 Rc8 27.Ne2 a5 28.Nf4 a4 29.Ka2
Rc5 30.R3d2 Re5 31.Nd3 axb3+ 32.cxb3 Rxe4 33.Nc5 Re5 34.Nxd7 Kxd7 35.Kb1 Rc5
36.Rc2 d5 37.Kc1 f5 38.Bd3 Ra5 39.g4 Rxb3 {#R} 0-1

[Event "?"]
[Site "masterchessopen.com – URS"]
[Round "0"]
[White "Klovans Janis (LAT)"]
[Black "Kupreichik Viktor D (BLR)"]
[Result "1-0"]
[WhiteElo "2475"]
[BlackElo "2440"]

1.e4 c5 2.Nf3 Nc6 3.d4 cxd4 4.Nxd4 Nf6 5.Nc3 d6 6.Bg5 e6 7.Qd2 a6 8.O-O-O Bd7
9.f4 Be7 10.Nf3 b5 11.Bxf6 gxf6 12.Kb1 Qb6 13.g3 b4 14.Ne2 a5 15.f5 e5 16.Nc1
Rc8 17.g4 Na7 18.g5 fxg5 19.Nxe5 Bb5 20.Ng4 Bxf1 21.Rhxf1 Nb5 22.f6 Bf8 23.Qd3
a4 24.Ne3 g4 25.e5 Rc5 26.Nd5 Qb7 27.Rfe1 Kd8 28.Ne7 Qd7 29.Qe3 Rxe5 30.Qb6+
Qc7 31.Nc6+ Kc8 32.Qa6+ Qb7 33.Qxb7+ Kxb7 34.Nxe5 dxe5 35.Rxe5 Kc6 36.Rdd5 Nc7
37.Rd4 Bd6 38.Re2 a3 39.Nd3 Nb5 40.Nxb4+ Kc5 41.Rd5+ {#r} 1-0

[Event "It"]
[Site "masterchessopen.com – Dortmund (Germany)"]
[Round "0"]
[White "Parma Bruno (SLO)"]
[Black "Kunsztowicz Uwe (GER)"]
[Result "0-1"]
[WhiteElo "2500"]
[BlackElo "2440"]

1.e4 c5 2.Nf3 Nc6 3.d4 cxd4 4.Nxd4 Nf6 5.Nc3 d6 6.Bg5 e6 7.Qd2 a6 8.O-O-O Bd7
9.f4 Be7 10.Nf3 b5 11.Bxf6 Bxf6 12.Qxd6 Be7 13.Qd2 b4 14.Ne2 Ra7 15.Kb1 Qb6
16.Ng3 O-O 17.Bc4 a5 18.f5 a4 19.e5 exf5 20.Qf4 Na5 21.Bd5 b3 22.Nxf5 bxc2+
23.Kxc2 Rc7+ 24.Kb1 Ba3 25.Rd2 Rb8 26.Ng5 Be6 27.Bxe6 fxe6 28.Rhd1 Rd7 29.Qxa4
Rxd2 30.Rxd2 exf5 31.Qd7 h6 32.Qe6+ Qxe6 33.Nxe6 Nc4 {#R} 0-1

[Event "Ch City (play-off)"]
[Site "masterchessopen.com – Buenos Aires (Argentina)"]
[Round "5"]
[White "Szmetan Jorge (ARG)"]
[Black "Rubinetti Jorge (ARG)"]
[Result "1-0"]
[WhiteElo "2405"]
[BlackElo "2415"]

1.e4 c5 2.Nf3 Nc6 3.d4 cxd4 4.Nxd4 Nf6 5.Nc3 d6 6.Bg5 e6 7.Qd2 a6 8.O-O-O Bd7
9.f4 Be7 10.Nf3 b5 11.Bxf6 gxf6 12.f5 Qb6 13.g3 O-O-O 14.Bh3 b4 15.fxe6 fxe6
16.Ne2 Rhe8 17.Nfd4 Nxd4 18.Nxd4 Bf8 19.Rhf1 Bg7 20.Rf3 a5 21.a3 Kc7 22.Rb3
Rb8 23.Kb1 Qc5 24.axb4 axb4 25.c3 Qe5 26.Qd3 Rb6 27.cxb4 Reb8 28.Qc4+ Kb7
29.Nxe6 Bc6 30.Rd5 {#r} 1-0

[Event "Ch URS (qual)"]
[Site "masterchessopen.com – Daugavpils (Latvia)"]
[Round "0"]
[White "Lukin Andrei M (RUS)"]
[Black "Mochalov Evgeny V (BLR)"]
[Result "0-1"]
[WhiteElo "2407"]
[BlackElo "2379"]

1.e4 c5 2.Nf3 Nc6 3.d4 cxd4 4.Nxd4 Nf6 5.Nc3 d6 6.Bg5 e6 7.Qd2 a6 8.O-O-O Bd7
9.f4 Be7 10.Nf3 b5 11.Bxf6 gxf6 12.f5 Qb6 13.Kb1 Rc8 14.g3 b4 15.fxe6 fxe6
16.Ne2 Qf2 17.Nh4 Ne5 18.Qc1 Nc4 19.Nd4 Qe3 20.Qxe3 Nxe3 21.Bxa6 Ra8 22.Rde1
Rxa6 23.Rxe3 Kf7 24.Nb3 Rha8 25.Nc1 Bc6 26.Rf1 Bf8 27.Ng2 Bh6 28.Ref3 f5
29.exf5 e5 30.R3f2 Bxc1 31.Kxc1 Rxa2 32.Ne3 d5 33.Ng4 Re8 34.f6 e4 35.Nh6+ Kf8
36.f7 Re7 37.Nf5 e3 38.Nxe3 Rxe3 39.Kd2 Re6 40.Rf4 Ra7 41.Rh4 h6 42.Rxb4 Rxf7
43.Rb8+ Kg7 44.Rxf7+ Kxf7 45.b4 Ke7 46.b5 Bd7 47.b6 Kd6 48.b7 Kc7 {#R} 0-1

[Event "?"]
[Site "masterchessopen.com – Dortmund (Germany)"]
[Round "0"]
[White "Gaprindashvili Nona (GEO)"]
[Black "Paoli Enrico (ITA)"]
[Result "1-0"]
[WhiteElo "2360"]
[BlackElo "2300"]

1.e4 c5 2.Nf3 Nc6 3.d4 cxd4 4.Nxd4 Nf6 5.Nc3 d6 6.Bg5 Bd7 7.Qd2 a6 8.O-O-O e6
9.f4 Be7 10.Nf3 b5 11.Bxf6 Bxf6 12.Qxd6 Ra7 13.e5 Be7 14.Qd2 O-O 15.Qe3 Qc7
16.Bd3 Nb4 17.Be4 Rc8 18.g4 Bc6 19.Bxc6 Nxc6 20.Kb1 Na5 21.Qd3 Nc4 22.Ne4 Rd8
23.Qe2 Raa8 24.Rd3 a5 25.Rhd1 a4 26.Rxd8+ Rxd8 27.Rxd8+ Qxd8 28.Qd3 Qa5 29.a3
Qa8 30.Nfg5 Qd5 31.Nf6+ Bxf6 32.Qxh7+ Kf8 33.exf6 Nd2+ 34.Kc1 Nb3+ 35.cxb3
Qh1+ 36.Kc2 axb3+ 37.Kxb3 Qd5+ 38.Kc2 Qc4+ 39.Kb1 Qf1+ 40.Ka2 Qc4+ 41.Ka1 Qf1+
42.Qb1 Qxf4 43.fxg7+ {#r} 1-0

[Event "It"]
[Site "masterchessopen.com – Leipzig (Germany)"]
[Round "4"]
[White "Vogt Lothar (GER)"]
[Black "Grigorov Jordan N (BUL)"]
[Result "1-0"]
[WhiteElo "2430"]
[BlackElo "2380"]

1.e4 c5 2.Nf3 Nc6 3.d4 cxd4 4.Nxd4 Nf6 5.Nc3 d6 6.Bg5 e6 7.Qd2 a6 8.O-O-O Bd7
9.f4 Be7 10.Nf3 b5 11.Bxf6 gxf6 12.f5 Qb6 13.Kb1 O-O-O 14.g3 Kb8 15.Bh3 Rhe8
16.fxe6 fxe6 17.Rhf1 Na5 18.b3 b4 19.Ne2 Nb7 20.Nf4 Nc5 21.Rfe1 Qb7 22.Bg2 Rc8
23.Qe3 Qc7 24.Rc1 a5 25.c3 bxc3 26.Qxc3 Qb6 27.Qb2 Bf8 28.Nd2 Bb5 29.Nc4 Bxc4
30.Rxc4 Rc7 31.Rd1 Bg7 32.Qd4 Rd8 33.Nxe6 {#r} 1-0

[Event "Ch URS (1 liga)"]
[Site "masterchessopen.com – Odessa (Ukraine)"]
[Round "0"]
[White "Tseshkovsky Vitaly (RUS)"]
[Black "Beliavsky Alexander G (SLO)"]
[Result "1-0"]
[WhiteElo "2545"]
[BlackElo "2460"]

1.e4 c5 2.Nf3 d6 3.d4 cxd4 4.Nxd4 Nf6 5.Nc3 Nc6 6.Bg5 e6 7.Qd2 Be7 8.O-O-O a6
9.f4 Bd7 10.Nf3 b5 11.Bxf6 gxf6 12.Kb1 Qa5 13.f5 Rc8 14.Bd3 Ne5 15.fxe6 fxe6
16.Nxe5 dxe5 17.Be2 Qc7 18.Bh5+ Kd8 19.Bg4 Qc6 20.Nd5 exd5 21.Qxd5 Qxd5
22.Rxd5 Rc7 23.Rhd1 Ke8 24.Bxd7+ Kf7 25.a4 bxa4 26.Bxa4 Rb8 27.Bb3 Ke8 28.R1d3
Rb4 29.Rg3 Bf8 30.Rg8 Rcb7 31.Rc5 Rxb3 32.Rc8+ Kd7 33.cxb3 Kxc8 34.Rxf8+ Kc7
35.Rf7+ Kc6 36.Rxb7 Kxb7 37.b4 h5 38.g3 Kc6 39.Kc2 Kd6 40.Kd3 Ke6 41.h3 {#r}
1-0

[Event "Match \"]
[Site "masterchessopen.com – Zinnowitz (Germany)"]
[Round "2"]
[White "Vogt Lothar (GER)"]
[Black "Neckar Lubomir (CZE)"]
[Result "1-0"]
[WhiteElo "2430"]
[BlackElo "2367"]

1.e4 c5 2.Nf3 Nc6 3.d4 cxd4 4.Nxd4 Nf6 5.Nc3 d6 6.Bg5 e6 7.Qd2 a6 8.O-O-O Bd7
9.f4 Be7 10.Nf3 b5 11.Bxf6 gxf6 12.f5 Qb6 13.Kb1 Ne5 14.Nd4 Rc8 15.fxe6 fxe6
16.Qh6 b4 17.Nce2 Qc5 18.Nc1 a5 19.Be2 Nf7 20.Qd2 O-O 21.Bg4 Qe5 22.Rhe1 Rc4
23.Qf2 a4 24.Be2 Rc7 25.Nd3 Qa5 26.Bg4 b3 27.cxb3 axb3 28.Nxb3 Qa4 29.Nd4 f5
30.b3 Qa5 31.exf5 Ne5 32.Qg3 Nc4 33.bxc4 Rxc4 34.Nb3 Rb8 35.Nb2 Rxb3 36.axb3
Rc3 37.Re3 Rc7 38.f6 {#r} 1-0

[Event "It"]
[Site "masterchessopen.com – Algarve (Portugal)"]
[Round "0"]
[White "Weinstein Norman (USA)"]
[Black "Rodriguez Orestes (ESP)"]
[Result "1-0"]
[WhiteElo "2465"]
[BlackElo "2435"]

1.e4 c5 2.Nf3 Nc6 3.d4 cxd4 4.Nxd4 Nf6 5.Nc3 d6 6.Bg5 e6 7.Qd2 a6 8.O-O-O Be7
9.f4 Bd7 10.Nf3 b5 11.Bxf6 gxf6 12.Kb1 b4 13.Ne2 Qb6 14.f5 a5 15.Nf4 b3
16.cxb3 a4 17.fxe6 fxe6 18.Bc4 axb3 19.a3 Nd8 20.e5 d5 21.exf6 Bxf6 22.Rhe1
O-O 23.Nxd5 exd5 24.Bxd5+ Ne6 25.Bxa8 Nc5 26.Bd5+ Kh8 27.Ne5 Bf5+ 28.Ka1 Qa7
29.Qh6 Bg7 30.Qd6 Nd7 31.Nf7+ Kg8 32.Nh6+ {#r} 1-0

[Event "It (w)"]
[Site "masterchessopen.com – Halle (Germany)"]
[Round "0"]
[White "Levitina Irina S (USA)"]
[Black "Eretova Kveta (CZE)"]
[Result "1-0"]
[WhiteElo "2405"]
[BlackElo "2104"]

1.e4 c5 2.Nf3 d6 3.d4 cxd4 4.Nxd4 Nf6 5.Nc3 Nc6 6.Bg5 e6 7.Qd2 a6 8.O-O-O Bd7
9.f4 Be7 10.Nf3 b5 11.Bxf6 gxf6 12.f5 Qb6 13.Kb1 O-O-O 14.Ne2 Kb8 15.Nf4 Qc5
16.fxe6 fxe6 17.g3 Rc8 18.Bh3 Nd8 19.Rhe1 Rc7 20.c3 Re8 21.Nd4 Bf8 22.Nb3 Qb6
23.Nh5 Be7 24.Qd4 Qxd4 25.Nxd4 Rg8 26.Rf1 Rg5 27.Nxf6 Bc8 28.Ne8 Rb7 29.Nf3
{#r} 1-0

[Event "?"]
[Site "masterchessopen.com – Lvov (Ukraine)"]
[Round "0"]
[White "Makarichev Sergey (RUS)"]
[Black "Mochalov Evgeny V (BLR)"]
[Result "1-0"]
[WhiteElo "2440"]
[BlackElo "2379"]

1.e4 c5 2.Nf3 Nc6 3.d4 cxd4 4.Nxd4 Nf6 5.Nc3 d6 6.Bg5 e6 7.Qd2 a6 8.O-O-O Bd7
9.f4 Be7 10.Nf3 b5 11.Bxf6 gxf6 ( 11...Bxf6 12.Qxd6 Be7 13.Qd2 b4 { P } )
12.Kb1 Qb6 13.f5 Na5 { ? } 14.fxe6 fxe6 15.e5 { ! } 15...Bc6 ( 15...d5 16.Qh6
f5 17.Nxd5 { P } ) 16.exf6 Bxf3 17.gxf3 Bxf6 18.Qh6 Kf7 19.Ne4 Be7 20.Qf4+ Ke8
21.Nxd6+ {#r} 1-0

[Event "Ch World (match) (cand.) (fin) (w)"]
[Site "masterchessopen.com – Moscow (Russia)"]
[Round "0"]
[White "Levitina Irina S (USA)"]
[Black "Alexandria Nana (GEO)"]
[Result "1-0"]
[WhiteElo "2405"]
[BlackElo "2335"]

1.e4 c5 2.Nf3 Nc6 3.d4 cxd4 4.Nxd4 Nf6 5.Nc3 d6 6.Bg5 e6 7.Qd2 a6 8.O-O-O Bd7
9.f4 Be7 10.Nf3 b5 11.Bxf6 gxf6 12.f5 Qb6 13.Kb1 Rc8 14.g3 Na5 { ? } 15.e5 { !
} 15...fxe5 16.Nxe5 Bf6 { ? } ( 16...Nc4 17.Bxc4 bxc4 18.Ne4 d5 19.Qf4 Rf8
20.Rhe1 Rb8 { ? } ) 17.Nxd7 Kxd7 18.Ne4 Be5 19.Ng5 { ! } 19...exf5 ( 19...Ke7
20.fxe6 fxe6 21.Nxe6 Kxe6 22.Bh3+ Ke7 23.Qg5+ { P } ) 20.Qd5 Kc7 21.Nxf7 Rhe8
22.Bd3 Kb8 23.Bxf5 Rc5 24.Qd3 ( 24.Nxe5 Rxd5 25.Nd7+ Kc7 26.Nxb6 Rxf5 27.Nd5+
{ P } ) 24...Nc4 25.Nxe5 Rcxe5 26.Bxh7 d5 27.Qd4 Qf6 { ? } ( 27...Qxd4 28.Rxd4
Rh5 { ! } 29.Bg6 Rxh2 { = } ) 28.Bd3 Ne3 29.Rc1 Kb7 30.h4 Qf3 31.a4 bxa4
32.Qxa4 Qf6 33.h5 R5e6 34.h6 Rb6 35.Qd7+ Ka8 36.Qxe8+ Rb8 37.Qxb8+ Kxb8 38.h7
Qh8 39.Rce1 d4 40.Rh6 Kb7 {#r} 1-0

[Event "?"]
[Site "masterchessopen.com – Vrsac (Yugoslavia)"]
[Round "0"]
[White "Matulovic Milan (SRB)"]
[Black "Deze Anton (YUG)"]
[Result "0-1"]
[WhiteElo "2530"]
[BlackElo "2405"]

1.e4 c5 2.Nf3 Nc6 3.d4 cxd4 4.Nxd4 Nf6 5.Nc3 d6 6.Bg5 e6 7.Qd2 a6 8.O-O-O Bd7
9.f4 Be7 10.Nf3 b5 11.Bxf6 gxf6 12.Kb1 Qb6 13.g3 O-O-O 14.Bh3 Kb8 15.f5 b4
16.Ne2 e5 17.c3 Na5 18.cxb4 Nc4 19.Qc1 Rc8 20.Nc3 Bc6 21.Rhe1 Qxb4 22.Nd2 Na3+
23.Ka1 Ba4 24.bxa3 Qxc3+ 25.Qxc3 Rxc3 26.Rb1+ Ka7 27.Rb4 Bc6 28.Rc4 Rxc4
29.Nxc4 Rb8 30.Bg2 Bb5 31.Ne3 d5 32.Rc1 d4 33.Nd5 Bxa3 34.Rc7+ Rb7 35.Rxb7+
Kxb7 36.Bf3 Kc6 37.Nxf6 d3 38.Nd5 Kc5 39.g4 Kd4 40.g5 Ba4 41.h4 d2 {#R} 0-1

[Event "It"]
[Site "masterchessopen.com – Budapest (Hungary)"]
[Round "0"]
[White "Suetin Alexei S (RUS)"]
[Black "Weinstein Norman (USA)"]
[Result "1-0"]
[WhiteElo "2525"]
[BlackElo "2430"]

1.e4 c5 2.Nf3 d6 3.d4 cxd4 4.Nxd4 Nf6 5.Nc3 a6 6.Bg5 e6 7.Qd2 Nc6 8.O-O-O Bd7
9.f4 Be7 10.Nf3 b5 11.Bxf6 gxf6 12.Kb1 Qb6 13.f5 O-O-O 14.g3 Kb8 15.fxe6 fxe6
16.Bh3 Bc8 17.Qh6 Qc5 18.Rhf1 Rdg8 19.Ne2 Rg6 20.Qc1 Bf8 21.c3 Bh6 22.Qc2 Ne5
23.Nh4 Rg7 24.Nd4 Nc4 25.Ng2 e5 26.Ne6 Bxe6 27.Bxe6 Ne3 28.Nxe3 Bxe3 29.Rxf6
Rg6 30.Rdf1 Rxf6 31.Rxf6 Bg5 32.Rf1 Bh6 33.a3 Rf8 34.Qe2 Rxf1+ 35.Qxf1 Qc7
36.Bd5 Be3 37.Qf8+ Ka7 38.h4 Kb6 39.Kc2 Bc5 40.Kd3 Bg1 41.g4 Ka5 42.b4+ {#r}
1-0

[Event "?"]
[Site "masterchessopen.com – corr."]
[Round "0"]
[White "Piuva Matti (FIN)"]
[Black "Palmo Pentti (FIN)"]
[Result "1-0"]
[WhiteElo "2205"]
[BlackElo "2065"]

1.e4 c5 2.Nf3 Nc6 3.d4 cxd4 4.Nxd4 Nf6 5.Nc3 d6 6.Bg5 e6 7.Qd2 a6 8.O-O-O Bd7
9.f4 Be7 10.Nf3 b5 11.Bxf6 Bxf6 12.Qxd6 Be7 13.Qd2 b4 14.Na4 Ra7 15.Qe3 Qa5
16.b3 Rb7 17.Nd2 Na7 18.Nc4 Qc7 19.e5 Bxa4 20.bxa4 Nc8 21.Qe4 O-O 22.Bd3 g6
23.g4 Bc5 24.h4 Ne7 25.h5 Qc6 26.Qxc6 Nxc6 27.g5 Rc7 28.Rh3 Ne7 29.Be4 Nf5
30.Bxf5 gxf5 31.h6 Rfc8 32.Rhd3 Be7 33.Nb6 {#r} 1-0

[Event "Olympiad"]
[Site "masterchessopen.com – Haifa (Israel)"]
[Round "4"]
[White "Amos Bruce M (CAN)"]
[Black "Shirazi Kamran (FRA)"]
[Result "0-1"]
[WhiteElo "2355"]
[BlackElo "2376"]

1.e4 c5 2.Nf3 d6 3.d4 cxd4 4.Nxd4 Nf6 5.Nc3 Nc6 6.Bg5 e6 7.Qd2 a6 8.O-O-O Bd7
9.f4 Be7 10.Nf3 b5 11.Bxf6 Bxf6 12.Qxd6 Be7 13.Qd2 b4 14.Ne2 Ra7 15.Ned4 Qb6
16.Kb1 O-O 17.Nxc6 Bxc6 18.Bd3 a5 19.Rhe1 Rfa8 20.Bc4 b3 21.cxb3 a4 22.Ne5 a3
23.Nxc6 Qxc6 24.Qc2 axb2 25.a4 Rb8 26.Re2 Qc5 27.Red2 Raa8 28.e5 g6 29.g3 Rb4
30.Rd4 Rab8 31.R1d2 Kg7 32.Qd3 Rxb3 {#R} 0-1

[Event "Ch Finland"]
[Site "masterchessopen.com – Helsinki (Finland)"]
[Round "1"]
[White "Ristoja Thomas W (FIN)"]
[Black "Poutiainen Pertti (FIN)"]
[Result "0-1"]
[WhiteElo "2210"]
[BlackElo "2425"]

1.e4 c5 2.Nf3 d6 3.d4 Nf6 4.Nc3 cxd4 5.Nxd4 Nc6 6.Bg5 e6 7.Qd2 a6 8.O-O-O Bd7
9.f4 Be7 10.Nf3 b5 11.Bxf6 gxf6 12.f5 Qb6 13.g3 b4 14.fxe6 fxe6 15.Ne2 e5
16.Nh4 O-O-O 17.Kb1 Be6 18.Bg2 Rd7 19.Rc1 Kb8 20.c4 b3 21.axb3 Na5 22.Rc3 Nxb3
23.Qc2 Rb7 24.Nf5 Nd4 25.Nexd4 exd4 26.Rd3 Bxc4 27.Rxd4 Rc8 28.Rc1 Be6 29.Qd2
Rxc1+ 30.Kxc1 Bf8 31.Kd1 d5 32.Ne3 Bc5 33.Nxd5 Qb3+ 34.Ke1 Bxd5 35.exd5 Bxd4
36.Qxd4 Qxb2 37.Qxb2 Rxb2 38.Be4 h6 39.h4 Kc7 40.Bd3 a5 {#R} 0-1

[Event "Memorial A.Sokolsky"]
[Site "masterchessopen.com – Minsk (Belarus)"]
[Round "0"]
[White "Klovans Janis (LAT)"]
[Black "Mochalov Evgeny V (BLR)"]
[Result "1-0"]
[WhiteElo "2436"]
[BlackElo "2379"]

1.e4 c5 2.Nf3 Nc6 3.d4 cxd4 4.Nxd4 Nf6 5.Nc3 d6 6.Bg5 e6 7.Qd2 a6 8.O-O-O Bd7
9.f4 Be7 10.Nf3 b5 11.Bxf6 gxf6 12.Kb1 Rc8 13.f5 Qb6 14.Bd3 b4 15.Ne2 e5
16.Qh6 Na5 17.Nd2 Bb5 18.Qg7 Rf8 19.Nc1 Nc4 20.Nxc4 Bxc4 21.Rhe1 h5 22.Re2
Bxd3 23.Nxd3 a5 24.Qh6 a4 25.Nc1 Rc4 26.Qxh5 Qc6 27.Qh3 Kd7 28.Rd5 Ra8 29.Qd3
Bf8 30.Rd2 Ra6 31.Rd1 Qc8 32.b3 Rc3 33.Qb5+ Rac6 34.Nd3 axb3 35.axb3 Kc7
36.Nxb4 Rb6 37.Qa5 Qb7 38.Rb5 {#r} 1-0

[Event "?"]
[Site "masterchessopen.com – Uljma (Yugoslavia)"]
[Round "0"]
[White "Matulovic Milan (SRB)"]
[Black "Kapelan Milorad (SRB)"]
[Result "1-0"]
[WhiteElo "2394"]
[BlackElo "2307"]

1.e4 c5 2.Nf3 d6 3.d4 cxd4 4.Nxd4 Nf6 5.Nc3 a6 6.Bg5 Nc6 7.Qd2 e6 8.O-O-O Bd7
9.f4 Be7 10.Nf3 b5 11.Bxf6 gxf6 12.f5 Qb6 13.g3 O-O-O 14.fxe6 fxe6 15.Bh3 Rhe8
16.Ne2 Qc5 17.Rhf1 Qc4 18.Kb1 d5 19.exd5 Nb4 20.Nc3 Nxd5 21.Nxd5 exd5 22.Bxd7+
Rxd7 23.Rfe1 Red8 24.Nd4 Kb7 25.Re6 Bc5 26.Nc6 Qg4 27.Nxd8+ Rxd8 28.Rxf6 Rd7
29.Rdf1 Bb4 30.Qf2 {#r} 1-0

[Event "?"]
[Site "masterchessopen.com – Yugoslavia"]
[Round "0"]
[White "Matulovic Milan (SRB)"]
[Black "Nicevski Risto (MKD)"]
[Result "1-0"]
[WhiteElo "2394"]
[BlackElo "2395"]

1.e4 c5 2.Nf3 d6 3.d4 cxd4 4.Nxd4 Nf6 5.Nc3 a6 6.Bg5 Nc6 7.Qd2 e6 8.O-O-O Bd7
9.f4 Be7 10.Nf3 b5 11.Bxf6 gxf6 12.f5 Qb6 13.g3 b4 14.fxe6 fxe6 15.Ne2 Qf2
16.Ne1 Ne5 17.Nd3 Nxd3+ 18.cxd3 b3 19.a3 Rc8+ 20.Nc3 Qxd2+ 21.Kxd2 f5 22.exf5
Bg5+ 23.Ke2 exf5 24.Bg2 Kd8 25.Rhe1 Bf6 26.d4 f4 27.Kd3 Bg4 28.Rd2 f3 29.Bxf3
Bxf3 30.Rf2 Bh5 31.Rxf6 Bg6+ 32.Kd2 Rc4 33.Rxd6+ Kc7 34.Rxa6 Rxd4+ 35.Kc1 Rc8
36.Ra4 Rxa4 37.Nxa4 Rf8 38.Nc3 Rf2 39.Re2 Rf1+ 40.Kd2 Bh5 41.Re7+ Kc6 42.Rxh7
Rf2+ 43.Ke3 Rxh2 44.Rh6+ Kd7 45.g4 {#r} 1-0